Ases de la Luftwaffe / (Record no. 78190)

MARC details
000 -LEADER
campo de control de longitud fija 00788nam a2200241 i 4500
001 - NÚMERO DE CONTROL
campo de control 78190
003 - IDENTIFICADOR DE NÚMERO DE CONTROL
campo de control ES-MaACL
005 - FECHA Y HORA DE LA ÚLTIMA TRANSACCIÓN
campo de control 20230906173601.0
007 - CAMPO FIJO DE DESCRIPCIÓN FÍSICA--INFORMACIÓN GENERAL
campo de control de longitud fija t|
008 - DATOS DE LONGITUD FIJA--INFORMACIÓN GENERAL
campo de control de longitud fija 041013s1968 sp ||||1| spa d
100 1# - ENTRADA PRINCIPAL--NOMBRE DE PERSONA
Nombre de persona Hartleben, Ulrich.
9 (RLIN) 61978
245 10 - MENCIÓN DEL TÍTULO
Título Ases de la Luftwaffe /
Mención de responsabilidad, etc. Ulrich Hartleben ; [traducción de Fermín Uriarte].
260 ## - PUBLICACIÓN, DISTRIBUCIÓN, ETC.
Lugar de publicación, distribución, etc. Madrid :
Nombre del editor, distribuidor, etc. Fermín Uriarte,
Fecha de publicación, distribución, etc. [1968]
300 ## - DESCRIPCIÓN FÍSICA
Extensión 1 v. :
Otras características físicas il. ;
Dimensiones 21 cm.
490 1# - MENCIÓN DE SERIE
Mención de serie Colección "La Guerra Aérea"
500 ## - NOTA GENERAL
Nota general Es el v. 1º.
650 04 - PUNTO DE ACCESO ADICIONAL DE MATERIA--TÉRMINO DE MATERIA
Término de materia o nombre geográfico como elemento de entrada Guerra mundial, 1939-1945-
Subdivisión geográfica Alemania.
9 (RLIN) 13229
650 #4 - PUNTO DE ACCESO ADICIONAL DE MATERIA--TÉRMINO DE MATERIA
Término de materia o nombre geográfico como elemento de entrada Aviadores-
Subdivisión geográfica Alemania-
Subdivisión general Biografías.
9 (RLIN) 169112
700 1# - ENTRADA AGREGADA--NOMBRE PERSONAL
Nombre de persona Uriarte, Fermín.
9 (RLIN) 112148
830 0# - PUNTO DE ACCESO ADICIONAL DE SERIE-TÍTULO UNIFORME
Título uniforme Colección "La Guerra Aérea"
9 (RLIN) 231385
852 ## - LOCALIZACIÓN
Ubicación ES-MaACL
Número de control de estantería P-1208
Sublocalización o colección R. 68357
Holdings
Estatus retirado Estado de pérdida Estado de daño No para préstamo Biblioteca de origen Biblioteca actual Ubicación en estantería Fecha de adquisición Fuente de adquisición Total de préstamos Signatura topográfica completa Código de barras Visto por última vez Precio de reemplazo Tipo de ítem Koha
        Biblioteca del Ateneo de Madrid Biblioteca del Ateneo de Madrid Depósito 2 17/01/2008     P-1208 1081793 23/02/2023 23/02/2023 Libro impreso